Iniciación y administración de pequeños y medianos negocios (Registro nro. 6582)

Detalles MARC
000 -LEADER
fixed length control field 01662 a2200241 4500
001 - CONTROL NUMBER
control field 59029
005 - DATE AND TIME OF LATEST TRANSACTION
control field 20260407155845.0
008 - FIXED-LENGTH DATA ELEMENTS--GENERAL INFORMATION
fixed length control field 260407a1992 arg spa d
003 - CONTROL NUMBER IDENTIFIER
control field AR-UNSa-BCEJYS
040 ## - CATALOGING SOURCE
Original cataloging agency AR-UNSa-BCEJYS
Language of cataloging spa
Transcribing agency AR-UNSa-BCEJYS
080 ## - UNIVERSAL DECIMAL CLASSIFICATION NUMBER
Universal Decimal Classification number 658.11
Common auxiliary subdivision Clases y formas de las empresas( pequeñas y medianas empresas...Pymes)
020 ## - INTERNATIONAL STANDARD BOOK NUMBER
International Standard Book Number 958-600-093-1
100 1# - MAIN ENTRY--PERSONAL NAME
Personal name J.K. Lasser Tax Institute
245 10 - TITLE STATEMENT
Title Iniciación y administración de pequeños y medianos negocios
250 ## - EDITION STATEMENT
Edition statement 6a.ed.
264 #1 - PRODUCTION, PUBLICATION, DISTRIBUTION, MANUFACTURE, AND COPYRIGHT NOTICE
Place of production, publication, distribution, manufacture Bogotá :
Name of producer, publisher, distributor, manufacturer McGraw-Hill
Date of production, publication, distribution, manufacture, or copyright notice 1992
300 ## - PHYSICAL DESCRIPTION
Extent 316 p.
Dimensions 23 cm.
505 ## - FORMATTED CONTENTS NOTE
Formatted contents note 1. Entre al mundo de los negocios – 2. La financiación de un negocio pequeño – 3. Compra de un negocio ya establecido – 4. Decisión sobre la ubicación de su negocio – 5. Selección de un modelo para su empresa – 6. Control a través de sistemas contables y de registro – 7. Decisiones básicas en la administración tributaria – 8. Administración del almacén al detal – 9. Indicadores de ganancia para el mayorista – 10. Administración de una compañía de servicios – 11. Guía básica para el funcionamiento de una operación de franquicia – 12. Empresa de ventas por correo – 13. Como manejar una fábrica eficiente – 14. Contratación y administración de personal – 15. Manejo del fraude, robo y hurto – 16. Administración y eficiencia – 17. El computador en las microempresas – 18. Venta del producto – 19. Extensión del crédito a sus clientes – 20. Planeación del seguro
590 ## - LOCAL NOTE (RLIN)
Local note niveau_biblio:m niveau_hierar:0
700 1# - ADDED ENTRY--PERSONAL NAME
Personal name Agray Vargas, Nancy
700 1# - ADDED ENTRY--PERSONAL NAME
Personal name Narvaez Rojo, Alberto
942 ## - ADDED ENTRY ELEMENTS (KOHA)
Koha item type
Existencias
Withdrawn status Lost status Damaged status Not for loan Home library Current library Shelving location Date acquired Total checkouts Full call number Barcode Date last seen Price effective from Koha item type
        Biblioteca Prof. Eusebio Cleto del Rey Biblioteca Prof. Eusebio Cleto del Rey   07/04/2026   658.11 L347 L58658 07/04/2026 07/04/2026 Libro